Outlaw Motorcycle Gangs as Organized Crime Groups

This brief covers the unique crime group of Outlaw Motorcycle Gangs. Outlaw Motorcycle Gangs are adult criminal associations composed of “bikers” living a deviant lifestyle that includes individual, group, and club criminal behavior. These groups are sometimes called one percenters, due to the Ameri...

Full description

Bibliographic Details
Main Author: Barker, Thomas (Author)
Corporate Author: SpringerLink (Online service)
Format: Electronic eBook
Language:English
Published: Cham : Springer International Publishing : Imprint: Springer, 2014.
Series:SpringerBriefs in Criminology,
Subjects:
Online Access:Full Text via HEAL-Link
LEADER 03035nam a22004575i 4500
001 978-3-319-07431-3
003 DE-He213
005 20151031121024.0
007 cr nn 008mamaa
008 140529s2014 gw | s |||| 0|eng d
020 |a 9783319074313  |9 978-3-319-07431-3 
024 7 |a 10.1007/978-3-319-07431-3  |2 doi 
040 |d GrThAP 
050 4 |a HV6001-7220.5 
072 7 |a JKV  |2 bicssc 
072 7 |a SOC004000  |2 bisacsh 
082 0 4 |a 364  |2 23 
100 1 |a Barker, Thomas.  |e author. 
245 1 0 |a Outlaw Motorcycle Gangs as Organized Crime Groups  |h [electronic resource] /  |c by Thomas Barker. 
264 1 |a Cham :  |b Springer International Publishing :  |b Imprint: Springer,  |c 2014. 
300 |a VI, 58 p. 22 illus., 11 illus. in color.  |b online resource. 
336 |a text  |b txt  |2 rdacontent 
337 |a computer  |b c  |2 rdamedia 
338 |a online resource  |b cr  |2 rdacarrier 
347 |a text file  |b PDF  |2 rda 
490 1 |a SpringerBriefs in Criminology,  |x 2192-8533 
505 0 |a 1. The Nature of Outlaw Motorcycle Clubs -- 2. Hells Angels Motorcycle Club (HAMC) and the One Percenters -- 3. Criminal Organizations -- 4. Criminal Organization Continuum of Outlaw Motorcycle Clubs -- 5. Outlaw Motorcycle Gangs -- 6. Outlaw Motorcycle Gang Violence -- 7. Conclusion - Organized Criminals Without Borders -- References. 
520 |a This brief covers the unique crime group of Outlaw Motorcycle Gangs. Outlaw Motorcycle Gangs are adult criminal associations composed of “bikers” living a deviant lifestyle that includes individual, group, and club criminal behavior. These groups are sometimes called one percenters, due to the American Motorcycle Association statement that ninety-nine percent of motorcyclists are law abiding citizens. While many may be familiar with the reputation of the Hells' Angels, many may not realize the wide network of other Outlaw Motorcycle Gangs or the extent of their involvement in criminal activities. The brief includes a breakdown of the criminal networks and activities of these groups, which operate similarly to an organized crime group. It also covers the evolution of motorcycle clubs to motorcycle gangs. It examines the recent trend of American-based motorcycle gangs into international organized crime activities. This book will be of interest to researcher studying criminology, particularly organized crime and criminal networks, as well as international and comparative law and public policy. 
650 0 |a Social sciences. 
650 0 |a International criminal law. 
650 0 |a Criminology. 
650 1 4 |a Social Sciences. 
650 2 4 |a Criminology & Criminal Justice. 
650 2 4 |a International Criminal Law. 
710 2 |a SpringerLink (Online service) 
773 0 |t Springer eBooks 
776 0 8 |i Printed edition:  |z 9783319074306 
830 0 |a SpringerBriefs in Criminology,  |x 2192-8533 
856 4 0 |u http://dx.doi.org/10.1007/978-3-319-07431-3  |z Full Text via HEAL-Link 
912 |a ZDB-2-SHU 
950 |a Humanities, Social Sciences and Law (Springer-11648)